Quiz o różnych rzeczach - Statystyki

Ogólne statystyki
  • Ten quiz został rozwiązany 22 razy
  • Średni wynik to 7 z 10
Statystyki odpowiedzi
Zagadnienie Odpowiedź % Poprawnych
Czy grzyb jest rośliną? Nie
100%
H2O to: Woda
88%
Co to za liczba? MMCDLXIV 2464
81%
Które działanie jest nie możliwe? √-1
69%
a+a=1+a a=1
69%
Które zdanie po angielsku jest poprawne w Present Continuous? I am eating.
69%
Kiedy powstał Rzym? 753.r p.n.e.
63%
W której odpowiedzi NIE MA intruza? EEEEEEEEEE
56%
Jak się pisze g_eg__łka? Gżegżółka
56%
Jak łatwo policzyć 11*34? 3(3+4)4 (374) ← Nie chodzi o mnożenie
31%
Nie znaleziono quizów pasujących do podanych kryteriów
Rozkład punktacji
Procent ludzi z każdym wynikiem
Percentyl według liczby udzielonych odpowiedzi
Twoja historia wyników
Nie rozwiązałeś tego quizu